| 000 | 00976nam a2200313 i 4500 | ||
|---|---|---|---|
| 001 | 1157 | ||
| 003 | KOSZ 005 | ||
| 005 | 20191029124325.0 | ||
| 008 | 990506s1984 pl f |000 0 pol | ||
| 015 | _aPB 1984/8828 | ||
| 020 | _a832040634X | ||
| 035 | _a(OCoLC)749601661 | ||
| 040 |
_aWA N _cWA N _dKOSZ 005/EC |
||
| 041 | 0 | _apol | |
| 046 | _k1984 | ||
| 080 | _a664.1 | ||
| 100 | 1 |
_aDobrzycki, Jan _d(1917- ) _eAutor |
|
| 245 | 1 | 0 |
_aChemiczne podstawy technologii cukru / _cJan Dobrzycki. |
| 260 |
_aWarszawa : _bWydawnictwa Naukowo-Techniczne, _c1984 _e(Pozn : _fPZGMK). |
||
| 300 |
_a395, [1] s. ; _c24 cm. |
||
| 380 | _aKsiążki. | ||
| 388 | _a1901-2000 | ||
| 388 | _a1945-1989 | ||
| 650 | 4 | _aCukier | |
| 650 | 4 | _aTechnologia chemiczna organiczna | |
| 710 | 2 |
_aWydawnictwa Naukowo-Techniczne _4pbl. |
|
| 856 |
_uhttp://koha.tu.koszalin.pl/cgi-bin/koha/opac-detail.pl?biblionumber=1157 _yKatalog online BPK |
||
| 942 |
_2UKD _cKS |
||
| 999 |
_c1157 _d1157 |
||